000 00412nam a2200145Ia 4500
003 LK-CoDNM
008 010623t1820 xxu||||| |||| 00| 1 eng d
040 _aLK-CoDNM
_dLK-CoDNM
_eLK-CoDNM
041 _aeng
080 _a9 N 16
245 _aProcedings of the Church Missionary Society for Africa and the East,1819-1820
260 _bChurch Missionary Society
_aLondon
_c1820
300 _b?., 23 cm
942 _cBK
999 _c80991
_d80991